Online katalóg knižníc regiónu Turca

Takmer dokonalý muž (Record no. 20676)

MARC details
000 -LEADER
fixed length control field 01231cam a2200337 4500
001 - CONTROL NUMBER
control field 20676
003 - CONTROL NUMBER IDENTIFIER
control field VRT
005 - DATE AND TIME OF LATEST TRANSACTION
control field 20260128154100.0
008 - FIXED-LENGTH DATA ELEMENTS--GENERAL INFORMATION
fixed length control field 220425s2022 xr g 010 f slo
015 ## - NATIONAL BIBLIOGRAPHY NUMBER
National bibliography number SNBZSA2023/12
020 ## - INTERNATIONAL STANDARD BOOK NUMBER
International Standard Book Number 9788020614025
Qualifying information (viazané)
039 #9 - LEVEL OF BIBLIOGRAPHIC CONTROL AND CODING DETAIL [OBSOLETE]
Level of rules in bibliographic description 202312011040
Level of effort used to assign nonsubject heading access points msnk176
Level of effort used to assign subject headings 202311220754
Level of effort used to assign classification msnk03
Level of effort used to assign subject headings 202301201347
Level of effort used to assign classification msnk06
040 ## - CATALOGING SOURCE
Original cataloging agency SNK
Language of cataloging slo
Transcribing agency SNK
Description conventions rda
041 0# - LANGUAGE CODE
Language code of text/sound track or separate title slo
044 ## - COUNTRY OF PUBLISHING/PRODUCING ENTITY CODE
MARC country code xr
ISO country code CZ
072 #7 - SUBJECT CATEGORY CODE
Subject category code 821.162.4-3
Subject category code subdivision Slovenská próza
Source konspekt
080 ## - UNIVERSAL DECIMAL CLASSIFICATION NUMBER
Universal Decimal Classification number 821.162.4-31
Edition identifier 2011
100 1# - MAIN ENTRY--PERSONAL NAME
Personal name Pavelková, Kristína,
Dates associated with a name 1985-
Relationship aut
245 1# - TITLE STATEMENT
Title Takmer dokonalý muž
Statement of responsibility, etc. Kristína Pavelková
264 #1 - PRODUCTION, PUBLICATION, DISTRIBUTION, MANUFACTURE, AND COPYRIGHT NOTICE
Place of production, publication, distribution, manufacture Praha
Name of producer, publisher, distributor, manufacturer Naše vojsko
Date of production, publication, distribution, manufacture, or copyright notice 2022
300 ## - PHYSICAL DESCRIPTION
Extent 286 strán
Dimensions 19 cm
336 ## - CONTENT TYPE
Content type term text
Content type code txt
Source rdacontent
337 ## - MEDIA TYPE
Media type term bez média
Media type code n
Source rdamedia
338 ## - CARRIER TYPE
Carrier type term zväzok
Carrier type code nc
Source rdacarrier
500 ## - GENERAL NOTE
General note Obsahuje stručné biografické a profesijné údaje o autorke na záložke prebalu publikácie
650 07 - SUBJECT ADDED ENTRY--TOPICAL TERM
Topical term or geographic name entry element slovenské romány
Source of heading or term SNKPH
655 #7 - INDEX TERM--GENRE/FORM
Genre/form data or focus term Slovak fiction
Source of term SNKPHeng
942 ## - ADDED ENTRY ELEMENTS (KOHA)
Source of classification or shelving scheme Dewey Decimal Classification
Koha item type Krásna literatúra pre dospelých
Suppress in OPAC No
949 ## - LOCAL PROCESSING INFORMATION (OCLC)
6 17A1539395
a snkSD 92040
b snk2023/16895
o Vydavatelství a nakladatelství Aleš Čeněk4-ah/58Int. č. fa – 62/2022
s 6100:20250923
Holdings
Stav vyradenia Strata Poškodenie Spôsob nadobudnutia Domovská knižnica Aktuálna knižnica Dátum nadobudnutia Total checkouts Čiarový kód exemplára Date last seen Typ exemplára
      Dar Obecná knižnica Dražkovce Obecná knižnica Dražkovce 28.01.2026   4736500687 28.01.2026 Krásna literatúra pre dospelých
Projekt je podporený Slovenskou asociáciou knižníc
Prevádzkuje Turčianska knižnica Martin 2026